Statistics for Total drama all season elimintions

Click here to take the quiz!

General Stats

  • This quiz has been taken 68 times
  • The average score is 110 of 137

Answer Stats

Season nameEpisode nameRankAnswer% Correct
Revenge of the IslandIce Ice Baby12thB
98%
IslandThe Big Sleep23rdEva
98%
IslandNo Pain, No Game12thEva
98%
IslandNot So Happy Campers - Part 224thEzekiel
98%
World TourWalk Like an Egyptian - Part 218thEzekiel
98%
World TourI See London...11thNoah
95%
IslandDodgebrawl22ndNoah
95%
IslandPaintball Deer Hunter17thCody
93%
World TourHawaiian Punch3rdCody
93%
All StarsSundae Muddy Sundae5thCourtney
93%
IslandBasic Straining14thCourtney
93%
ActionTop Dog4thCourtney
93%
World TourChinese Fake-Out7th/6thCourtney
93%
All StarsYou Regotta Be Kidding Me8thDuncan
93%
World TourAfrican Lying Safari5thDuncan
93%
ActionAftermath IV: Who Wants to Pick a Millionaire?2nd/1stDuncan
93%
World TourWalk Like an Egyptian - Part 119thDuncan
93%
IslandAre We There, Yeti?4thDuncan
93%
All StarsThe Bold & the Booty-ful4thGwen
93%
IslandThe Very Last Episode, Really2nd/1stGwen
93%
ActionThe Chefshank Redemption13thGwen
93%
World TourPicnic at Hanging Dork9thGwen
93%
IslandI Triple Dog Dare You3rdHeather
93%
ActionMillion Dollar Babies9thHeather
93%
World TourHawaiian Punch2nd/1stHeather
93%
All StarsNo One Eggspects the Spanish Opposition10thHeather
93%
World TourJamaica Me Sweet13thIzzy
93%
IslandUp the Creek18thIzzy
93%
ActionRiot on Set15thIzzy
93%
IslandWawanakwa Gone Wild7thIzzy
93%
ActionFull Metal Drama11thIzzy
93%
ActionSuper Hero-ld8thLeshawna
93%
World TourSlap Slap Revolution15thLeshawna
93%
IslandAfter the Dock of Shame5thLeshawna
93%
ActionOcean's Eight -or Nine10thOwen
93%
World TourNiagara Brawls8thOwen
93%
IslandThe Very Last Episode, Really2nd/1stOwen
93%
ActionTop Dog3rdOwen
93%
Action3:10 to Crazytown14thTrent
93%
IslandSearch & Do Not Destroy11thTrent
93%
IslandPhobia Factor19thTyler
93%
World TourThe Ex-Files10thTyler
93%
IslandIf You Can't Take the Heat...16thBeth
90%
ActionAftermath IV: Who Wants to Pick a Millionaire?2nd/1stBeth
90%
World TourAnything Yukon Do, I Can Do Better16thBridgette
90%
ActionAlien Ressur-eggtion17th/16thBridgette
90%
IslandHide & Be Sneaky10thBridgette
90%
ActionThe Sand Witch Project12thDJ
90%
World TourJamaica Me Sweet12thDJ
90%
IslandHook, Line & Screamer8thDJ
90%
IslandTrial by Tri-Armed Triathlon6thGeoff
90%
ActionAlien Ressur-eggtion17th/16thGeoff
90%
Action2008: A Space Owen5thHarold
90%
World TourSuper Crazy Happy Fun Time Japan17thHarold
90%
IslandX-Treme Torture13thHarold
90%
World TourCan't Help Falling in Louvre14thLindsay
90%
ActionRock 'n Rule6thLindsay
90%
IslandThat's Off the Chain9thLindsay
90%
All StarsHeroes vs. Villains14thLindsay
90%
IslandWho Can You Trust?15thSadie
90%
IslandNot Quite Famous21stJustin
88%
ActionThe Princess Pride7thJustin
88%
IslandThe Sucky Outdoors20thKatie
88%
All StarsThe Obsta-kill Course6thAlejandro
85%
World TourHawaiian Punch2nd/1stAlejandro
85%
All StarsSuckers Punched9thSierra
85%
World TourAwwwwww, Drumheller4thSierra
85%
All StarsSaving Private Leechball12thJo
83%
Revenge of the IslandUp, Up & Away in My Pitiful Balloon5thJo
83%
Pahkitew IslandLies, Cries & One Big Prize2nd/1stShawn
83%
Pahkitew IslandTwinning Isn't Everything12thAmy
80%
Revenge of the IslandA Mine is Terrible Thing to Waste8thAnne Maria
80%
Pahkitew IslandSo, Uh, This is My Team?14thBeardo
80%
Revenge of the IslandA Mine is Terrible Thing to Waste9thBrick
80%
Revenge of the IslandBrain vs. Brawn: The Ultimate Showdown2nd/1stCameron
80%
All StarsZeke & Ye Shall Find7thCameron
80%
Revenge of the IslandTruth or Laser Shark13thDakota
80%
Revenge of the IslandThe Treasure Island of Dr. McLean7thDakota
80%
Pahkitew IslandMo' Monkey, Mo' Problems9thElla
80%
Island (2023)Tortoise Rigamortis5thEmma
80%
Pahkitew IslandSky Fall4thJasmine
80%
All StarsEvil Dread13thLightning
80%
Revenge of the IslandBrain vs. Brawn: The Ultimate Showdown2nd/1stLightning
80%
Pahkitew IslandScarlett Fever5thMax
80%
All StarsThe Final Wreck-ening2nd/1stMike
80%
Revenge of the IslandGrand Chef Auto6thMike
80%
All StarsFood Fright11thSam
80%
Revenge of the IslandRunaway Model10thSam
80%
Pahkitew IslandScarlett Fever6thScarlett
80%
All StarsThe Bold & the Booty-ful3rdScott
80%
Revenge of the IslandEat, Puke & Be Ware4thScott
80%
Pahkitew IslandLies, Cries & One Big Prize2nd/1stSky
80%
Revenge of the IslandBigger! Badder! Brutal-er!14thStaci
80%
Pahkitew IslandThree Zones & a Baby8thTopher
80%
All StarsThe Final Wreck-ening2nd/1stZoey
80%
Revenge of the IslandThe Enchanted Franken-Forest3rdZoey
80%
World TourChinese Fake-Out7th/6thBlaineley
78%
Pahkitew IslandHurl & Go Seek7thDave
78%
Revenge of the IslandBackstabbers Ahoy!11thDawn
78%
Pahkitew IslandI Love You, Grease Pig!13thLeonard
78%
Pahkitew IslandI Love You, I Love You, Knots11thRodney
78%
Pahkitew IslandA Blast From the Past10thSamey
78%
Pahkitew IslandPahk'd with talent3rdSugar
78%
Island (2023)Numbskull Isalnd13thScary Girl
76%
Island (2023)Magma Cud Laude2nd/1stPriya
73%
Island (2023)Meet The Victims16thCaleb
71%
Island (2023)The Truth, The Pole Truth and Nothing But the Truth6thChase
71%
Island (2023)Caved by the Bell4thJulia
71%
Island (2023)Pirates of the Cabbage'an15thAxel
68%
Island (2023)Magma Cud Laude2nd/1stBowie
68%
Island (2023)Magma Cud Laude3rdMillie
68%
Island (2023)The Launchback of Notre Game11thMK
68%
Island (2023)Drown Town Abbey14thNichelle
68%
Island (2023)Severe Eggs and Pains10th/9thRaj
68%
Island (2023)The Wheel of Vomit8thRipper
68%
Island (2023)Paddle Field Earth7thZee
68%
Island (2023)Jurassic Fart12thDamien
66%
The Ridonculous RaceBahamarama4thEmma & Kitty
66%
Island (2023)Severe Eggs and Pains10th/9thWayne
66%
The Ridonculous RaceLast Tango in Buenos Aires5thCarrie & Devin
56%
The Ridonculous RaceCa-Noodling7thBrody & Geoff
51%
The Ridonculous RaceA Million Ways to Lose a Million Dollars2nd/1stBrody & Geoff
51%
The Ridonculous RaceEl Bunny Supremo8thCrimson & Ennui
51%
The Ridonculous RaceNone Down, Eighteen to Go - Part 219thLeonard & Tammy
51%
The Ridonculous RaceGot Venom9thNoah & Owen
51%
The Ridonculous RaceDarjeel with It6thRyan & Stephanie
51%
The Ridonculous RaceDown & Outback12th/11thChet & Lorenzo
46%
The Ridonculous RaceLittle Bull on the Prairie10thDwayne & Junior
46%
The Ridonculous RaceI Love Ridonc & Roll13thJay & Mickey
46%
The Ridonculous RaceA Tisket, a Casket, I'm Gonna Blow a Gasket15thJen & Tom
46%
The Ridonculous RaceA Million Ways to Lose a Million Dollars2nd/1stMacArthur & Sanders
46%
The Ridonculous RaceDown & Outback12th/11thRock & Spud
46%
The Ridonculous RaceFrench is an Eiffel Language18thGerry & Pete
44%
The Ridonculous RaceA Million Ways to Lose a Million Dollars3rdJacques & Josee
44%
The Ridonculous RaceBrazilian Pain Forest16thLaurie & Miles
41%
The Ridonculous RaceHello & Dubai14thKelly & Taylor
39%
The Ridonculous RaceMediterranean Homesick Blues17thEllody & Mary
37%

Score Distribution

Percentile by Number Answered

Percent of People with Each Score

Your Score History

You have not taken this quiz